ბათუმის შოთა რუსთაველის სახელმწიფო უნივერსიტეტის ბიბლიოთეკა

სამრეწველო საწარმოს ორგანიზაცია, დაგეგმვა და მართვა : (ბიბ.ჩანაწერი № 64162)

000 -ლიდერი
ფიქსირებული სიგრძის საკონტროლო ველი 01226nam a22002177a 4500
003 - საკონტროლო ნომრის იდენტიფიკატორი
საკონტროლო ველი Ge_BSU
005 - ბოლო ოპერაციის თარიღი და დრო
საკონტროლო ველი 20260423114242.0
008 - ფიქსირებული სიგრძის მონაცემთა ელემენტები - ზოგადი ინფორმაცია
ფიქსირებული სიგრძის საკონტროლო ველი 260423s1985 ge ||||| |||| 00| 0 geo d
041 ## - ენის კოდი
Language code of text/sound track or separate title geo
080 ## - უნივერსალური ათობითი კლასიფიკაციის ინდექსი
Universal Decimal Classification number 658.5: 005.93 პ-18
100 ## - მთავარი ჩანაწერი - პიროვნების სახელი
Personal name პაპავა, გ.ვ.
9 (RLIN) 27357
245 ## - ცნობა სათაურის შესახებ
Title სამრეწველო საწარმოს ორგანიზაცია, დაგეგმვა და მართვა :
Remainder of title [სახელმძღვ. უმაღლ. სასწ. სტუდენტებისათვის] /
Statement of responsibility, etc გ.ვ. პაპავა; რედ. ი. ბაქრაძე.
264 ## - წარმოების, გამოცემის, დისტრიბუციის და სხვა ცნობები
გამოცემის, წარმოების, დისტრიბუციის... ადგილი თბილისი :
გამოცემის, წარმოების, დისტრიბუციის... სახელწოდება განათლება,
გამოცემის, წარმოების, დისტრიბუციის... თარიღი 1985.
300 ## - ფიზიკური აღწერა
Extent 703 გვ. :
Other physical details ილ. ;
Dimensions 22 სმ.
653 ## - INDEX TERM--UNCONTROLLED
Uncontrolled term სამრეწველო საწარმოს ორგანიზაცია
653 ## - INDEX TERM--UNCONTROLLED
Uncontrolled term სამრეწველო საწარმოს მართვა
653 ## - INDEX TERM--UNCONTROLLED
Uncontrolled term სამრეწველო საწარმოს დაგეგმვა
700 ## - ADDED ENTRY--PERSONAL NAME
Personal name პაპავა, ვ.გ.
Relator term ავტორი
9 (RLIN) 27358
700 ## - ADDED ENTRY--PERSONAL NAME
Personal name ბაქრაძე, ი.
Relator term რედაქტორი
9 (RLIN) 3093
942 ## - ADDED ENTRY ELEMENTS (KOHA)
Source of classification or shelving scheme
Koha item type წიგნი
ეგზემპლარები
ჩამოწერის სტატუსი დაკარგული ეგზემპლარის სტატუსი კლასიფიკაციის წყარო ან თაროზე გაწყობის სქემა დაზიანების სტატუსი არ გაიცემა მუდმივი მდებარეობა (დაცვის ადგილი) ამჟამინდელი ადგილსამყოფელი თაროზე განთავსების ადგილი შეძენის თარიღი ღირებულება, შესყიდვის ნორმალური ფასი სრული შენახვის შიფრი შტრიხკოდი ბოლო ოპერაციის თარიღი ეგზემპლარის მიმდევრობითი ნომერი (კეტერი?) ფასის ძალაში შესვლის თარიღი ეგზემპლარის სახეობა საჯარო შენიშვნა
          ბათუმის შოთა რუსთაველის სახელმწიფო უნივერსიტეტის მთავარი ბიბლიოთეკა ბათუმის შოთა რუსთაველის სახელმწიფო უნივერსიტეტის მთავარი ბიბლიოთეკა წიგნსაცავი 2026-04-23 3.00 658.5: 005.93 პ-18 74357 2026-04-23 74357 2026-04-23 წიგნი 3 ლ.